[Event "DVM U16 2010"]
[Site "Naumburg (Saale) GER"]
[Date "2010.12.29"]
[Round "5"]
[White "Valledor Pereira, Dominik Damian"]
[Black "Bykov, Ilya"]
[Result "1/2-1/2"]
[Termination "normal"]
[Board "6.3"]
[WhiteElo "1531"]
[BlackElo "1478"]
[WhiteTeam "LSV Turm Lippstadt"]
[BlackTeam "Karlsruher SF"]
[PlyCount "97"]
[WhiteFideId "1271860"]
[BlackFideId "12918059"]
[EventCountry "GER"]
[EventRounds "7"]
[EventType "team-swiss"]
[EventDate "2010.12.26"]

1. e4 c5 2. Nf3 d6 3. d4 cxd4 4. Nxd4 Nf6 5. Nc3 g6 6. Be2 Bg7 7. O-O O-O 8.
Re1 Bd7 9. Bf1 Qb6 10. Nb3 Nc6 11. h3 Rac8 12. Be3 Qc7 13. Qd2 a6 14. a4 Nb4
15. a5 Qb8 16. Rac1 Be6 17. Bb6 d5 18. Nd4 Rfe8 19. Nxe6 fxe6 20. Na4 Nc6 21.
Nc5 Nxe4 22. Nxe4 dxe4 23. c3 Qe5 24. Qd7 Nxa5 25. Bxa5 Qxa5 26. Qxb7 Rb8 27.
Qxe4 Rxb2 28. Qxe6+ Kh8 29. Qxa6 Qc5 30. Re2 Rb3 31. c4 Bd4 32. Qa4 Reb8 33.
Rd2 e5 34. Qd7 Rf8 35. Rcc2 Rc3 36. Ra2 Ra3 37. Rxa3 Qxa3 38. Qg4 Qc5 39. Qh4
e4 40. Qxe4 Bxf2+ 41. Kh1 Qe3 42. Qxe3 Bxe3 43. Rd1 Bc5 44. Be2 h6 45. Rd7 g5
46. Rc7 Rf5 47. Bf3 Re5 48. Kh2 Be3 49. Rc8+ 1/2-1/2

[Event "DVM U16 2010"]
[Site "Naumburg (Saale) GER"]
[Date "2010.12.29"]
[Round "5"]
[White "Baum, Felix"]
[Black "Barkey, Thies"]
[Result "1-0"]
[Termination "normal"]
[Board "6.4"]
[WhiteElo "1414"]
[BlackElo "1447"]
[WhiteTeam "Karlsruher SF"]
[BlackTeam "LSV Turm Lippstadt"]
[PlyCount "120"]
[WhiteFideId "12927724"]
[BlackFideId "12927740"]
[EventCountry "GER"]
[EventRounds "7"]
[EventType "team-swiss"]
[EventDate "2010.12.26"]

1. b3 d5 2. Bb2 Bg4 3. f4 e6 4. Nf3 Bxf3 5. exf3 Nf6 6. Nc3 Nbd7 7. Bd3 c6 8.
Qe2 Bd6 9. f5 e5 10. O-O-O a6 11. Rde1 O-O 12. g4 Ne8 13. h4 f6 14. Reg1 Be7
15. Qh2 b5 16. g5 Nc7 17. g6 h6 18. h5 Nb6 19. Nd1 Bd6 20. Qf2 c5 21. Ne3 c4
22. Be2 Bc5 23. b4 Bxe3 24. Qxe3 d4 25. Qf2 Ncd5 26. c3 d3 27. Bd1 Qd7 28. Kb1
Qxf5 29. Rg4 Rfe8 30. Rhh4 Nd7 31. Re4 a5 32. a3 Ra6 33. Qe1 Rea8 34. f4 Qe6
35. fxe5 f5 36. Rd4 Nxe5 37. bxa5 Rxa5 38. Bf3 Rd8 39. Bxd5 Rxd5 40. Rxd5 Qxd5
41. Rd4 Qa8 42. Qxe5 Qh1+ 43. Bc1 Qa8 44. Qe7 Qf8 45. Rd8 Ra8 46. Qe6+ Kh8 47.
Rxf8+ Rxf8 48. Qf7 Rb8 49. Qxf5 Kg8 50. Qd5+ Kh8 51. Qe5 Rf8 52. Qxb5 Rc8 53.
a4 Kg8 54. a5 Kf8 55. a6 Ke7 56. a7 Kd6 57. Qb7 Rc7 58. Qxc7+ Kxc7 59. a8=Q Kd6
60. Qa5 Kc6 1-0

[Event "DVM U16 2010"]
[Site "Naumburg (Saale) GER"]
[Date "2010.12.29"]
[Round "5"]
[White "Müller, Marius"]
[Black "Di Capua, Francesco Stefano"]
[Result "1/2-1/2"]
[Termination "normal"]
[Board "7.1"]
[WhiteElo "2007"]
[BlackElo "1747"]
[WhiteTeam "BSG Chemie Leipzig"]
[BlackTeam "SK Gernsheim"]
[PlyCount "48"]
[WhiteFideId "24672378"]
[BlackFideId "24698903"]
[EventCountry "GER"]
[EventRounds "7"]
[EventType "team-swiss"]
[EventDate "2010.12.26"]

1. e4 e5 2. Nf3 d6 3. d4 Nd7 4. Bc4 c6 5. Nc3 Be7 6. Be3 Ngf6 7. Qd3 O-O 8.
O-O-O b5 9. Bb3 a5 10. a4 b4 11. Ne2 d5 12. Ng3 Ba6 13. Qd2 exd4 14. Nxd4 Rc8
15. Nxc6 Rxc6 16. exd5 Rd6 17. Bf4 Nc5 18. Bxd6 Nxb3+ 19. cxb3 Bxd6 20. Rhe1
Qd7 21. Kb1 Bb7 22. Ne4 Qf5 23. f3 Nxd5 24. Ka1 Bf4 1/2-1/2

[Event "DVM U16 2010"]
[Site "Naumburg (Saale) GER"]
[Date "2010.12.29"]
[Round "5"]
[White "Hellwig, Tina"]
[Black "Müller, Markus"]
[Result "0-1"]
[Termination "normal"]
[Board "7.3"]
[WhiteElo "1321"]
[BlackElo "1556"]
[WhiteTeam "BSG Chemie Leipzig"]
[BlackTeam "SK Gernsheim"]
[PlyCount "74"]
[BlackFideId "24660590"]
[EventCountry "GER"]
[EventRounds "7"]
[EventType "team-swiss"]
[EventDate "2010.12.26"]

1. e4 {[%emt 0:00:00]} c5 2. d4 cxd4 3. c3 dxc3 4. Nxc3 d6 5. Nf3 Nc6 6. Bc4 e6
7. O-O Be7 8. Bf4 a6 9. Re1 b5 10. Bxb5 axb5 11. Nxb5 e5 12. Bg3 Rb8 13. a4 Ba6
14. Rc1 Bxb5 15. axb5 Na7 16. b6 Rxb6 17. Re2 Nf6 18. Qa4+ Qd7 19. Qxd7+ Nxd7
20. Rec2 Bd8 21. Bh4 O-O 22. Bxd8 Rxd8 23. Rc7 Ra6 24. b4 h6 25. Nd2 Nb5 26.
Rb7 Nd4 27. Kf1 Rb6 28. Rxb6 Nxb6 29. b5 Rc8 30. Rxc8+ Nxc8 31. Nc4 Nxb5 32.
Ke2 Kf8 33. Kd3 Ke7 34. Na5 Nca7 35. Kc4 Nd4 36. Kd5 Nab5 37. Nc4 Nc3# 0-1

[Event "DVM U16 2010"]
[Site "Naumburg (Saale) GER"]
[Date "2010.12.29"]
[Round "5"]
[White "Hofmann, Christoph"]
[Black "Schlimpert, Vanessa"]
[Result "1-0"]
[Termination "normal"]
[Board "7.4"]
[WhiteElo "1640"]
[BlackElo "1305"]
[WhiteTeam "SK Gernsheim"]
[BlackTeam "BSG Chemie Leipzig"]
[PlyCount "67"]
[WhiteFideId "24698857"]
[EventCountry "GER"]
[EventRounds "7"]
[EventType "team-swiss"]
[EventDate "2010.12.26"]

1. d4 d5 2. Nf3 Nf6 3. Bg5 e6 4. c4 Be7 5. cxd5 Nxd5 6. Bxe7 Qxe7 7. e4 Nb6 8.
Nc3 N8d7 9. Bd3 c5 10. Qe2 cxd4 11. Nxd4 Nc5 12. Bc2 e5 13. Nf5 Bxf5 14. exf5
Rd8 15. b4 Ncd7 16. a3 O-O 17. O-O Nf6 18. Rfe1 Rfe8 19. f4 Rc8 20. Ne4 Nxe4
21. Qxe4 Nd7 22. Ba4 Nf6 23. Qe2 Nd7 24. Rad1 Rc7 25. Qd2 Rd8 26. fxe5 Rdc8 27.
Bxd7 Rd8 28. e6 g6 29. Qd6 Qxd6 30. Rxd6 gxf5 31. e7 Rdxd7 32. e8=Q+ Kg7 33.
Rxd7 Rxd7 34. Qxd7 1-0

[Event "DVM U16 2010"]
[Site "Naumburg (Saale) GER"]
[Date "2010.12.29"]
[Round "5"]
[White "Eichinger, Christoph"]
[Black "Wenninger, Philipp"]
[Result "0-1"]
[Termination "normal"]
[Board "8.1"]
[WhiteElo "1978"]
[BlackElo "2080"]
[WhiteTeam "TSV Kareth-Lappersdorf"]
[BlackTeam "Heilbronner SV"]
[PlyCount "114"]
[WhiteFideId "1270972"]
[BlackFideId "4648404"]
[EventCountry "GER"]
[EventRounds "7"]
[EventType "team-swiss"]
[EventDate "2010.12.26"]

1. e4 c6 2. d4 d5 3. Nc3 dxe4 4. Nxe4 Bf5 5. Ng3 Bg6 6. h4 h6 7. Nh3 Nf6 8. Nf4
Bh7 9. Bc4 e6 10. O-O Bd6 11. Re1 Bxf4 12. Bxf4 O-O 13. c3 Nbd7 14. Nh5 Nxh5
15. Qxh5 Nf6 16. Qf3 Nd5 17. Bg3 a5 18. Bd3 Qf6 19. Bxh7+ Kxh7 20. Qe4+ Qg6 21.
f3 Nf6 22. Qxg6+ Kxg6 23. Bd6 Rfd8 24. Be5 Rd7 25. g4 Nd5 26. Kf2 Nb6 27. Re2
a4 28. h5+ Kh7 29. Bf4 Nd5 30. Kg3 a3 31. Rc1 axb2 32. Rxb2 b5 33. Bd2 Nb6 34.
Be1 Rda7 35. Ra1 Nc4 36. Re2 Ra3 37. Kh3 Kg8 38. Kg3 Kf8 39. Kf2 Ke7 40. Kg3
Kd7 41. Kg2 Nb6 42. Kf2 R8a4 43. Kg1 Nd5 44. Rc2 Rc4 45. Rac1 Nf4 46. Rd1 Kc8
47. Kf2 Rca4 48. Kg3 Nd5 49. Ra1 Kd7 50. Kf2 Rc4 51. Rac1 Ra8 52. Ke2 e5 53.
Kd3 exd4 54. cxd4 Ra3+ 55. Ke2 Nf4+ 56. Kd1 Rxd4+ 57. Bd2 Rxf3 0-1

[Event "DVM U16 2010"]
[Site "Naumburg (Saale) GER"]
[Date "2010.12.29"]
[Round "5"]
[White "Mikeler, Marcel"]
[Black "Kaiser, Dominik"]
[Result "0-1"]
[Termination "normal"]
[Board "8.2"]
[WhiteElo "1377"]
[BlackElo "1732"]
[WhiteTeam "Heilbronner SV"]
[BlackTeam "TSV Kareth-Lappersdorf"]
[PlyCount "138"]
[WhiteFideId "12927856"]
[BlackFideId "1270967"]
[EventCountry "GER"]
[EventRounds "7"]
[EventType "team-swiss"]
[EventDate "2010.12.26"]

1. d4 d5 2. c4 e6 3. Nc3 Nf6 4. cxd5 exd5 5. Bg5 Nbd7 6. Nf3 c6 7. e3 Bd6 8.
Bd3 O-O 9. Qc2 h6 10. Bh4 Re8 11. O-O Qc7 12. Bg3 Bxg3 13. hxg3 b6 14. Rfc1 Bb7
15. b4 Qd8 16. a3 Rc8 17. Qb2 Ne4 18. Rc2 Qe7 19. Rac1 Nxg3 20. Re1 Ne4 21. Na4
Ndf6 22. Ne5 Nd7 23. Bxe4 dxe4 24. Nxd7 Qxd7 25. Rec1 c5 26. b5 cxd4 27. Rxc8
Rxc8 28. Rxc8+ Bxc8 29. exd4 Qd5 30. Qb4 Bb7 31. Nc3 Qg5 32. Qb2 e3 33. fxe3
Qxe3+ 34. Kh2 Qxd4 35. Qc2 Qd6+ 36. Kg1 Qxa3 37. Qd2 Qe7 38. Ne2 Qc5+ 39. Nd4
Qd5 40. Kf2 g5 41. Ke1 Qxg2 42. Qxg2 Bxg2 43. Nc6 Kf8 44. Nxa7 Ke7 45. Nc8+ Kd7
46. Nxb6+ Kc7 47. Nc4 Bd5 48. Ne3 Be6 49. Nc2 Bd7 50. Nd4 Kb6 51. Kf2 Kc5 52.
Nf3 Kxb5 53. Ne5 Be6 54. Kg3 Kc5 55. Kh2 Kd5 56. Nf3 Ke4 57. Kg3 f5 58. Kf2 Kf4
59. Nd4 Bd5 60. Ne2+ Kg4 61. Nc3 Be4 62. Nd1 h5 63. Ne3+ Kf4 64. Nf1 g4 65. Kg1
g3 66. Nd2 h4 67. Nf1 h3 68. Nh2 gxh2+ 69. Kxh2 Kg4 0-1

[Event "DVM U16 2010"]
[Site "Naumburg (Saale) GER"]
[Date "2010.12.29"]
[Round "5"]
[White "Zwetz, Jasmin"]
[Black "Tunc, Devris"]
[Result "1-0"]
[Termination "normal"]
[Board "8.3"]
[WhiteElo "1569"]
[BlackElo "815"]
[WhiteTeam "TSV Kareth-Lappersdorf"]
[BlackTeam "Heilbronner SV"]
[PlyCount "115"]
[WhiteFideId "12927783"]
[BlackFideId "12927864"]
[EventCountry "GER"]
[EventRounds "7"]
[EventType "team-swiss"]
[EventDate "2010.12.26"]

1. e4 c5 2. d4 cxd4 3. c3 e6 4. cxd4 Be7 5. Nc3 b6 6. Bd3 Bb7 7. Bf4 Bb4 8.
Nge2 Ne7 9. O-O Bxc3 10. Nxc3 O-O 11. Bd6 Re8 12. Nb5 Na6 13. Rc1 Bc6 14. Qe2
Bxb5 15. Bxb5 Nb8 16. Bc7 Qc8 17. Bxb6 Qb7 18. Ba5 Nbc6 19. Bc3 a6 20. Bd3 d5
21. e5 a5 22. f4 Nb4 23. Bb1 Qb6 24. Rf3 Rac8 25. Rh3 Nf5 26. Qh5 h6 27. Rd1
Rc4 28. Bxf5 exf5 29. Qxf5 Nxa2 30. g4 Nxc3 31. bxc3 a4 32. Rf3 a3 33. g5 a2
34. Qc2 hxg5 35. fxg5 Rxe5 36. h4 Qa7 37. Ra1 Qxd4+ 38. cxd4 Rxg5+ 39. hxg5
Rxc2 40. Rf2 Rc4 41. Rd2 Kh7 42. Raxa2 Kg6 43. Ra5 Kxg5 44. Rxd5+ f5 45. Rc5
Ra4 46. d5 f4 47. d6+ Kg4 48. d7 Kg3 49. d8=Q f3 50. Rg5+ Rg4 51. Rxg4+ Kxg4
52. Rd4+ Kh5 53. Qf8 g5 54. Qg7 f2+ 55. Kxf2 g4 56. Qxg4+ Kh6 57. Rd1 Kh7 58.
Rh1# 1-0

[Event "DVM U16 2010"]
[Site "Naumburg (Saale) GER"]
[Date "2010.12.29"]
[Round "5"]
[White "Ignatov, Dmitriy"]
[Black "Wild, Michael"]
[Result "1-0"]
[Termination "normal"]
[Board "8.4"]
[WhiteElo "1074"]
[BlackElo "1200"]
[WhiteTeam "Heilbronner SV"]
[BlackTeam "TSV Kareth-Lappersdorf"]
[PlyCount "71"]
[WhiteFideId "12927872"]
[EventCountry "GER"]
[EventRounds "7"]
[EventType "team-swiss"]
[EventDate "2010.12.26"]

1. e4 e5 2. Nf3 Nc6 3. Bc4 Nf6 4. Nc3 Bc5 5. d3 d6 6. h3 Be6 7. Bd5 Bxd5 8.
Nxd5 Nxd5 9. exd5 Ne7 10. c4 O-O 11. O-O Ng6 12. Be3 Bb6 13. b4 c6 14. c5 Bc7
15. dxc6 bxc6 16. cxd6 Qxd6 17. Bc5 Qf6 18. Bxf8 Rxf8 19. Rc1 Rd8 20. Qe2 Nf4
21. Qe4 Qg6 22. Qxg6 hxg6 23. Rc2 Rc8 24. Rxc6 Nxd3 25. Kh1 Nxb4 26. Rc4 Nd3
27. Ng5 Nf4 28. Rd1 f6 29. Rxc7 Re8 30. Re7 Ra8 31. Ne6 Nh5 32. g4 Nf4 33. Nxf4
exf4 34. Rdd7 a5 35. Rxg7+ Kh8 36. Rxg6 1-0

[Event "DVM U16 2010"]
[Site "Naumburg (Saale) GER"]
[Date "2010.12.29"]
[Round "5"]
[White "Imgrunt, Philipp"]
[Black "Wendling, Florian"]
[Result "0-1"]
[Termination "normal"]
[Board "9.1"]
[WhiteElo "1712"]
[BlackElo "1936"]
[WhiteTeam "SK Ettlingen"]
[BlackTeam "Naumburger SV 1951"]
[PlyCount "80"]
[WhiteFideId "1271139"]
[BlackFideId "24640212"]
[EventCountry "GER"]
[EventRounds "7"]
[EventType "team-swiss"]
[EventDate "2010.12.26"]

1. e4 c5 2. Nc3 d6 3. g3 Nc6 4. Bg2 g6 5. d3 Bg7 6. f4 e6 7. Nf3 Nge7 8. Bd2 a6
9. Rb1 b5 10. O-O Rb8 11. Qe1 Qc7 12. Ne2 b4 13. Qf2 O-O 14. g4 f5 15. h3 Bd7
16. g5 e5 17. h4 Nd4 18. Nfxd4 cxd4 19. Rbc1 Be6 20. Ng3 Qd7 21. h5 d5 22. exf5
Nxf5 23. fxe5 Ne3 24. Qe2 Nxf1 25. Bxf1 Bg4 26. Qg2 Bxe5 27. hxg6 hxg6 28. Re1
Bg7 29. Kh2 Rf7 30. Be2 Rbf8 31. Rf1 Bxe2 32. Qxe2 Qd6 33. Kg2 Rxf1 34. Nxf1 a5
35. Nh2 Qe5 36. Qg4 Qf5 37. Qh4 Be5 38. Be1 Rf7 39. Qg4 Rh7 40. Qxf5 Rxh2+ 0-1

[Event "DVM U16 2010"]
[Site "Naumburg (Saale) GER"]
[Date "2010.12.29"]
[Round "5"]
[White "Franke, Oliver"]
[Black "Schwingen, Dominik"]
[Result "0-1"]
[Termination "normal"]
[Board "9.2"]
[WhiteElo "1485"]
[BlackElo "1686"]
[WhiteTeam "Naumburger SV 1951"]
[BlackTeam "SK Ettlingen"]
[PlyCount "74"]
[BlackFideId "24684627"]
[EventCountry "GER"]
[EventRounds "7"]
[EventType "team-swiss"]
[EventDate "2010.12.26"]

1. d4 d5 2. c4 e6 3. Nf3 Nf6 4. Nc3 Be7 5. Bg5 c6 6. e3 Nbd7 7. Bd3 dxc4 8.
Bxc4 b5 9. Bd3 O-O 10. O-O Bb7 11. e4 h6 12. Bf4 a6 13. Rc1 c5 14. b3 cxd4 15.
e5 dxc3 16. exf6 Nxf6 17. Bg3 b4 18. Qe2 Qb6 19. Ne5 Bd5 20. Bf4 Qb7 21. f3
Bc5+ 22. Be3 Bxe3+ 23. Qxe3 Qa7 24. Rfe1 Qxe3+ 25. Rxe3 Rfd8 26. f4 Nd7 27. Nf3
Bxf3 28. Rxf3 Nc5 29. Bb1 Rd2 30. Rf2 Rad8 31. Rxd2 Rxd2 32. Kf1 Kf8 33. h3 f5
34. a3 Nxb3 35. Rc2 Rxc2 36. Bxc2 Nd2+ 37. Ke2 bxa3 0-1

[Event "DVM U16 2010"]
[Site "Naumburg (Saale) GER"]
[Date "2010.12.29"]
[Round "5"]
[White "Weber, Clemens"]
[Black "Weißenburg, Isabel"]
[Result "1-0"]
[Termination "normal"]
[Board "9.3"]
[WhiteElo "1504"]
[BlackElo "1636"]
[WhiteTeam "SK Ettlingen"]
[BlackTeam "Naumburger SV 1951"]
[PlyCount "71"]
[WhiteFideId "12927813"]
[BlackFideId "4612922"]
[EventCountry "GER"]
[EventRounds "7"]
[EventType "team-swiss"]
[EventDate "2010.12.26"]

1. e4 c5 2. Nf3 Nf6 3. Nc3 d6 4. d4 cxd4 5. Nxd4 a6 6. Be2 e6 7. Be3 Be7 8. f4
b5 9. Bf3 Bb7 10. e5 Nd5 11. Nxd5 Bxd5 12. Bxd5 exd5 13. Nf5 dxe5 14. Nxe7 Kxe7
15. fxe5 Qd7 16. Bg5+ Kf8 17. O-O Nc6 18. Qe1 Re8 19. Bf4 Qe6 20. Qf2 Kg8 21.
Rae1 h5 22. Qf3 h4 23. h3 Nd4 24. Qd3 Nf5 25. Rd1 Ng3 26. Bxg3 hxg3 27. Qxg3
Qxe5 28. Qf3 Rf8 29. c3 Rh5 30. Rde1 Qc7 31. Qxh5 Qc5+ 32. Kh1 g6 33. Qf3 b4
34. cxb4 Qxb4 35. Re8 d4 36. Qxf7+ 1-0

[Event "DVM U16 2010"]
[Site "Naumburg (Saale) GER"]
[Date "2010.12.29"]
[Round "5"]
[White "Sträßer, Martin"]
[Black "Wendling, Lukas"]
[Result "1/2-1/2"]
[Termination "normal"]
[Board "9.4"]
[WhiteElo "1258"]
[BlackElo "1436"]
[WhiteTeam "Naumburger SV 1951"]
[BlackTeam "SK Ettlingen"]
[PlyCount "38"]
[BlackFideId "12925969"]
[EventCountry "GER"]
[EventRounds "7"]
[EventType "team-swiss"]
[EventDate "2010.12.26"]

1. d4 d5 2. c4 dxc4 3. Nc3 e5 4. e3 exd4 5. exd4 Nf6 6. Bxc4 Bb4 7. Qe2+ Qe7 8.
Qxe7+ Kxe7 9. Bg5 h6 10. Bf4 c6 11. Nge2 g5 12. Be5 Nbd7 13. f4 Nxe5 14. fxe5
Ng4 15. O-O Rf8 16. Rf3 h5 17. Raf1 Be6 18. Bxe6 fxe6 19. Rxf8 Rxf8 1/2-1/2